| Tag |
First Indicator |
Second Indicator |
Subfields |
| LEADER |
00000ckm a2200000 i 4500 |
| 001 |
in00004093321 |
| 005 |
20211120104418.0 |
| 006 |
m o d f |
| 007 |
kk m|| |
| 007 |
cr mn||||||||| |
| 008 |
200320s2017 dcunnn fo inspa c |
| 035 |
|
|
|a (OCoLC)on1145410273
|
| 040 |
|
|
|a GPO
|b eng
|e rda
|e pn
|c GPO
|d GPO
|d MvI
|d UtOrBLW
|
| 041 |
1 |
|
|a spa
|h eng
|
| 042 |
|
|
|a pcc
|
| 049 |
|
|
|a WWW
|
| 074 |
|
|
|a 0499-F-02 (online)
|
| 086 |
0 |
|
|a HE 20.7102:AI 7/6/SPAN.
|
| 130 |
0 |
|
|a What are air-purifying respirators?.
|l Spanish.
|
| 245 |
1 |
0 |
|a ¿Qué son los respiradores purificadores de aire?.
|
| 264 |
|
1 |
|a [Washington, D.C.] :
|b Centers for Disease Control and Prevention, National Institute for Occupational Safety and Health,
|c [2017?]
|
| 300 |
|
|
|a 1 online resource (1 image) :
|b color
|
| 336 |
|
|
|a still image
|b sti
|2 rdacontent
|
| 337 |
|
|
|a computer
|b c
|2 rdamedia
|
| 338 |
|
|
|a online resource
|b cr
|2 rdacarrier
|
| 588 |
|
|
|a Description based on online resource; title from PDF caption (CDC, viewed Mar. 20, 2020).
|
| 546 |
|
|
|a In Spanish.
|
| 650 |
|
0 |
|a Air
|x Purification.
|0 http://id.loc.gov/authorities/subjects/sh85002589
|
| 650 |
|
0 |
|a Breathing apparatus.
|0 http://id.loc.gov/authorities/subjects/sh97008475
|
| 650 |
|
0 |
|a Industrial hygiene.
|0 http://id.loc.gov/authorities/subjects/sh85065884
|
| 710 |
2 |
|
|a National Institute for Occupational Safety and Health,
|e issuing body.
|0 http://id.loc.gov/authorities/names/n79063156
|
| 856 |
4 |
0 |
|3 Available in PDF and JPG versions
|u https://purl.fdlp.gov/GPO/gpo133895
|t 0
|
| 999 |
f |
f |
|s 7e16a629-7e9a-3b01-abdd-1a9bb7223b36
|i 0c20950d-264c-3055-9f23-a3b2f1874172
|t 0
|
| 952 |
f |
f |
|a Texas A&M University
|b College Station
|c Electronic Resources
|d Available Online
|t 0
|e HE 20.7102:AI 7/6/SPAN.
|h Superintendent of Documents classification
|
| 998 |
f |
f |
|a HE 20.7102:AI 7/6/SPAN.
|t 0
|l Available Online
|